| 000 | 00886nam a2200229Ii 4500 | ||
|---|---|---|---|
| 003 | JO-AjNU | ||
| 008 | 230605s9999||||xx |||||||||||||| ||und|| | ||
| 017 | _a2021/6/3034 | ||
| 020 | _a978-9923-15-106-8 | ||
| 040 |
_aJO-AjNU _bara _erda _cJO-AjNU |
||
| 041 | _aara | ||
| 050 | 1 | 4 | _aK230 2022 |
| 100 | 3 |
_aالدعجة، بخيت محمد, _eauthor _962789 |
|
| 245 | 0 | 0 | _aالخيرة والجمع بين المسؤولية العقدية والمسؤولية التقصيرية: دراسة مقارنة |
| 250 | _aط1 | ||
| 264 | 3 | 1 | _aعمان: دار الثقافة للنشر والتوزيع، 2022 |
| 300 | _a502ص | ||
| 336 |
_atext _btxt _2rdacontent |
||
| 337 |
_aunmediated _bn _2rdamedia |
||
| 338 |
_avolume _bnc _2rdacarrier |
||
| 650 | 4 |
_aالمسؤلية القانونية-الالتزمات-التعويض عن الاضرار -القانون المدني _962790 |
|
| 999 |
_aA28449 _c32017 _d32017 |
||